[Event "Wch Seniors 23rd 2013"]
[Site "Opatija"]
[Date "2013.11.14"]
[Round "3.29"]
[White "Jackson, Oliver A"]
[Black "Thormann, Wolfgang"]
[Result "0-1"]
[WhiteElo "2154"]
[BlackElo "2271"]
[PlyCount "108"]
[EventDate "2013.11.12"]

1. e4 e5 2. f4 exf4 3. Nf3 Ne7 4. d4 d5 5. Nc3 dxe4 6. Nxe4 Nd5 7. Bd3 Bg4 8.
O-O Be7 9. c3 c6 10. Qb3 Qb6 11. Ne5 Qxb3 12. axb3 Be6 13. c4 Nb4 14. Bxf4 f6
15. Be2 fxe5 16. Bxe5 Rg8 17. Rad1 N8a6 18. d5 cxd5 19. cxd5 Bxd5 20. Rxd5 Nxd5
21. Bb5+ Kd8 22. Rd1 Nab4 23. Nc3 Bc5+ 24. Kh1 Ke7 25. Nxd5+ Nxd5 26. Rxd5 Rgd8
27. Bc4 b5 28. h3 Rxd5 29. Bxd5 Rd8 30. Bc6 Rd1+ 31. Kh2 Bd6 32. Bxd6+ Kxd6 33.
Bxb5 Kc5 34. Bc4 Rd2 35. Bg8 h6 36. Kg3 Rxb2 37. h4 Kb4 38. h5 a5 39. Bd5 Rxb3+
40. Bxb3 Kxb3 41. Kf4 a4 42. Kf5 a3 43. Kg6 a2 44. Kxg7 a1=Q+ 45. Kxh6 Qh8+ 46.
Kg6 Qg8+ 47. Kf6 Qh7 48. g4 Qh6+ 49. Kf5 Kc4 50. g5 Qxh5 51. Kf6 Qh8+ 52. Kf7
Qh7+ 53. Kf6 Qg8 54. g6 Qf8+ 0-1

[Event "Wch Seniors 23rd 2013"]
[Site "Opatija"]
[Date "2013.11.14"]
[Round "3.30"]
[White "Kiefer, Gerhard"]
[Black "Hohler, Peter"]
[Result "1/2-1/2"]
[WhiteElo "2271"]
[BlackElo "2171"]
[PlyCount "70"]
[EventDate "2013.11.12"]

1. c4 Nf6 2. Nc3 e6 3. e4 d5 4. e5 d4 5. exf6 dxc3 6. fxg7 cxd2+ 7. Bxd2 Bxg7
8. Qc2 Nc6 9. Nf3 Qe7 10. Be2 Bd7 11. O-O O-O-O 12. Rab1 e5 13. Bd3 Bg4 14.
Bf5+ Bxf5 15. Qxf5+ Qd7 16. Qxd7+ Rxd7 17. Bc3 f5 18. Rbd1 Rhd8 19. Rxd7 Rxd7
20. Nh4 f4 21. Re1 Nd4 22. Nf3 Nxf3+ 23. gxf3 Re7 24. Kf1 Kd8 25. Ke2 Rd7 26.
Rg1 Bf6 27. Rg8+ Ke7 28. Ra8 a6 29. Ra7 c6 30. b3 Ke6 31. a4 Kf5 32. Ra8 Bd8
33. b4 e4 34. fxe4+ Kxe4 35. f3+ Kf5 1/2-1/2

[Event "Wch Seniors 23rd 2013"]
[Site "Opatija"]
[Date "2013.11.14"]
[Round "3.32"]
[White "Nickl, Klaus"]
[Black "Gruzmann, Boris"]
[Result "1/2-1/2"]
[WhiteElo "2122"]
[BlackElo "2249"]
[PlyCount "70"]
[EventDate "2013.11.12"]

1. d4 g6 2. Nf3 Nf6 3. Bf4 Bg7 4. e3 d6 5. Be2 O-O 6. O-O c5 7. c3 a6 8. Nbd2
cxd4 9. exd4 b5 10. a4 b4 11. c4 Nc6 12. Nb3 Na5 13. h3 Bb7 14. Be3 Rc8 15.
Nxa5 Qxa5 16. b3 Ne4 17. Rc1 e5 18. d5 Qd8 19. Qe1 a5 20. Nd2 Nc3 21. Nb1 Nxe2+
22. Qxe2 f5 23. f3 Re8 24. Nd2 Bf6 25. Qf2 Ra8 26. Rfe1 Ra6 27. f4 e4 28. Bd4
Kf7 29. Nf1 Bxd4 30. Qxd4 Qf6 31. Qxf6+ Kxf6 32. Ne3 g5 33. g3 gxf4 34. gxf4
Raa8 35. Kh2 Rac8 1/2-1/2

[Event "Wch Seniors 23rd 2013"]
[Site "Opatija"]
[Date "2013.11.14"]
[Round "3.33"]
[White "Christiansen, Arne"]
[Black "Giesen, Dieter"]
[Result "1/2-1/2"]
[WhiteElo "2117"]
[BlackElo "2235"]
[PlyCount "23"]
[EventDate "2013.11.12"]

1. d4 d5 2. c4 c6 3. Nf3 Nf6 4. e3 Bf5 5. Nc3 e6 6. Bd3 Bxd3 7. Qxd3 Nbd7 8.
O-O Be7 9. Bd2 O-O 10. Rac1 Re8 11. Rfd1 h6 12. e4 1/2-1/2

[Event "Wch Seniors 23rd 2013"]
[Site "Opatija"]
[Date "2013.11.14"]
[Round "3.34"]
[White "Hammar, Bengt"]
[Black "Archangelsky, Mikhail"]
[Result "0-1"]
[WhiteElo "2231"]
[BlackElo "2162"]
[PlyCount "94"]
[EventDate "2013.11.12"]

1. e4 e6 2. d4 d5 3. Nc3 Nf6 4. e5 Nfd7 5. f4 c5 6. Nf3 Nc6 7. Be3 Qb6 8. Na4
Qa5+ 9. c3 cxd4 10. b4 Qc7 11. Nxd4 a6 12. a3 b5 13. Nb2 Ncxe5 14. fxe5 Qxc3+
15. Qd2 Qxd2+ 16. Bxd2 Nxe5 17. Be2 Bd6 18. a4 Nc4 19. Nxc4 bxc4 20. O-O Bd7
21. b5 Bc5 22. Be3 O-O 23. bxa6 Rxa6 24. Nc2 Bxe3+ 25. Nxe3 Rxa4 26. Rxa4 Bxa4
27. Rb1 Bb3 28. Ra1 g6 29. Ra7 Rc8 30. Ng4 c3 31. Bd3 c2 32. Bxc2 Bxc2 33. Nh6+
Kg7 34. Nxf7 Kf6 35. h4 Rc4 36. g3 h5 37. Ng5 Bf5 38. Kf2 Rc2+ 39. Ke3 Rc3+ 40.
Kf2 Bg4 41. Ra4 Rc4 42. Ra7 Ke5 43. Rg7 Kd4 44. Rxg6 Rc2+ 45. Kf1 e5 46. Rf6
Ke3 47. Nf7 Bf3 0-1

[Event "Wch Seniors 23rd 2013"]
[Site "Opatija"]
[Date "2013.11.14"]
[Round "3.35"]
[White "Kiselev, Alexander"]
[Black "Acers, Jude"]
[Result "0-1"]
[WhiteElo "2113"]
[BlackElo "2230"]
[PlyCount "86"]
[EventDate "2013.11.12"]

1. e4 d5 2. exd5 Nf6 3. d4 Nxd5 4. c4 Nb6 5. Nc3 e5 6. Qe2 Be7 7. dxe5 Nc6 8.
Nf3 Bg4 9. Qe4 Bxf3 10. gxf3 Qd4 11. f4 Qxe4+ 12. Nxe4 Nb4 13. Kd1 Na4 14. b3
O-O-O+ 15. Ke2 Nc2 16. Rb1 Nd4+ 17. Ke3 Nc5 18. Nxc5 Bxc5 19. Ke4 f5+ 20. Kd3
Nxb3+ 21. Ke2 Nxc1+ 22. Rxc1 Rd4 23. Kf3 Rd2 24. Be2 Rxa2 25. Ra1 Rd2 26. h4
Rhd8 27. h5 Rc2 28. Rhg1 Rc3+ 29. Kg2 Rd2 30. Kf1 Rcc2 31. Re1 Rd7 32. Rg5 a5
33. e6 Rd8 34. Rxf5 b6 35. Re5 Re8 36. h6 g6 37. f5 a4 38. Ra1 a3 39. Rd5 a2
40. Rd3 Rb2 41. f6 Rxe6 42. Bd1 Rxf2+ 43. Kg1 Re1# 0-1

[Event "Wch Seniors 23rd 2013"]
[Site "Opatija"]
[Date "2013.11.14"]
[Round "3.36"]
[White "Trois, Francisco R.T"]
[Black "Kaminik, Aleksandar"]
[Result "1/2-1/2"]
[WhiteElo "2229"]
[BlackElo "2138"]
[PlyCount "40"]
[EventDate "2013.11.12"]

1. e4 e6 2. d4 d5 3. Nd2 Nf6 4. e5 Nfd7 5. Bd3 c5 6. c3 Nc6 7. Ne2 cxd4 8. cxd4
f6 9. exf6 Nxf6 10. O-O Bd6 11. Nf3 O-O 12. Bf4 Bxf4 13. Nxf4 Ng4 14. Qd2 Qf6
15. Ne2 Qh6 16. Qxh6 Nxh6 17. Ng3 Bd7 18. Rad1 Nf7 19. Rfe1 Rae8 20. Rd2 h6
1/2-1/2

[Event "Wch Seniors 23rd 2013"]
[Site "Opatija"]
[Date "2013.11.14"]
[Round "3.37"]
[White "Barle, Janez"]
[Black "Zhukov, Viktor I"]
[Result "1-0"]
[WhiteElo "2356"]
[BlackElo "2069"]
[PlyCount "51"]
[EventDate "2013.11.12"]

1. e4 c5 2. Nf3 e6 3. b3 Nc6 4. Bb2 Nf6 5. e5 Nd5 6. g3 Be7 7. Bg2 O-O 8. O-O
d6 9. c4 Ndb4 10. exd6 Qxd6 11. Ne1 e5 12. d3 Na6 13. Nc3 Nc7 14. Nc2 Rd8 15.
Re1 Nd4 16. Nxd4 cxd4 17. Nd5 Nxd5 18. Bxd5 Rb8 19. Qh5 g6 20. Qxe5 Qxe5 21.
Rxe5 Bf6 22. Ree1 b5 23. Rac1 Bf5 24. Ba1 a5 25. Bc6 bxc4 26. bxc4 1-0

[Event "Wch Seniors 23rd 2013"]
[Site "Opatija"]
[Date "2013.11.14"]
[Round "3.38"]
[White "Batakovs, Olegs"]
[Black "Cebalo, Miso"]
[Result "0-1"]
[WhiteElo "2075"]
[BlackElo "2415"]
[PlyCount "104"]
[EventDate "2013.11.12"]

1. e4 c5 2. Nf3 Nc6 3. d4 cxd4 4. Nxd4 g6 5. c4 Nf6 6. Nc3 d6 7. Be2 Nxd4 8.
Qxd4 Bg7 9. Be3 O-O 10. Qd2 a5 11. O-O a4 12. Rad1 Qa5 13. f3 Be6 14. Bd4 Rfc8
15. Nd5 Qxd2 16. Rxd2 Bxd5 17. cxd5 Nd7 18. Bxg7 Kxg7 19. Bb5 Nb6 20. Rd4 a3
21. Rb4 Rc7 22. g3 f5 23. Rf2 axb2 24. Rfxb2 Ra3 25. R4b3 Rxb3 26. Rxb3 Kf6 27.
Kf2 Rc2+ 28. Ke3 Rxa2 29. Be2 Nd7 30. Rxb7 Nc5 31. Rb4 fxe4 32. f4 Ra3+ 33. Kf2
h5 34. Rb8 Nd3+ 35. Bxd3 Rxd3 36. Rb4 Rxd5 37. Rxe4 Rd2+ 38. Kg1 d5 39. Re5 e6
40. h3 h4 41. Rg5 Rd3 42. gxh4 Rxh3 43. Rg4 Kf5 44. Rg5+ Kxf4 45. Rxg6 e5 46.
Rh6 d4 47. Kg2 Ra3 48. h5 d3 49. Rf6+ Ke4 50. h6 d2 51. Rd6 Ke3 52. h7 Ra8 0-1

[Event "Wch Seniors 23rd 2013"]
[Site "Opatija"]
[Date "2013.11.14"]
[Round "3.39"]
[White "Chubar, Vladimir"]
[Black "Rukavina, Josip"]
[Result "0-1"]
[WhiteElo "2071"]
[BlackElo "2405"]
[PlyCount "92"]
[EventDate "2013.11.12"]

1. d4 g6 2. Nf3 Bg7 3. c3 d6 4. e4 Nf6 5. Bd3 O-O 6. Bg5 h6 7. Bh4 c5 8. dxc5
dxc5 9. Qc2 Nc6 10. O-O Nh5 11. Re1 Qc7 12. Nbd2 a6 13. a4 Rb8 14. Nc4 b5 15.
axb5 axb5 16. Ne3 g5 17. Nd5 Qd8 18. Bg3 Nxg3 19. hxg3 e6 20. Ne3 Qe7 21. Qe2
c4 22. Bc2 Qc5 23. e5 Nxe5 24. Nxe5 Qxe5 25. Qh5 g4 26. Qxg4 f5 27. Qh5 Qf6 28.
Ra7 Bb7 29. Rd1 Rf7 30. Rd6 Qe5 31. Qd1 Bf3 32. Rd8+ Kh7 33. Rxf7 Bxd1 34. Rxd1
Kg8 35. Rdd7 Bf6 36. g4 f4 37. g5 Qxg5 38. Rxf6 Qxf6 39. Ng4 Qg5 40. f3 Ra8 41.
Rd1 Ra2 42. Nf2 Rxb2 43. Rd2 Kf8 44. Ne4 Qe7 45. Kf2 b4 46. cxb4 Qxb4 0-1

[Event "Wch Seniors 23rd 2013"]
[Site "Opatija"]
[Date "2013.11.14"]
[Round "3.40"]
[White "Davydov, Mihail"]
[Black "Pushkov, Nikolai"]
[Result "1/2-1/2"]
[WhiteElo "2058"]
[BlackElo "2371"]
[PlyCount "61"]
[EventDate "2013.11.12"]

1. e4 e6 2. d4 d5 3. Nd2 c5 4. exd5 Qxd5 5. Ngf3 cxd4 6. Bc4 Qd8 7. O-O Nf6 8.
Nb3 Nc6 9. Nbxd4 Nxd4 10. Nxd4 a6 11. c3 Qc7 12. Qe2 Bd6 13. h3 O-O 14. Bg5
Bh2+ 15. Kh1 Bf4 16. Bxf4 Qxf4 17. Rfe1 b5 18. Bd3 Bb7 19. Kg1 Rfd8 20. Rad1 b4
21. Qe3 Qxe3 22. fxe3 bxc3 23. bxc3 Be4 24. Bf1 Nd5 25. c4 Nc3 26. Rd2 e5 27.
Nb3 Rxd2 28. Nxd2 Bc6 29. a3 a5 30. Rc1 Na4 31. c5 1/2-1/2

[Event "Wch Seniors 23rd 2013"]
[Site "Opatija"]
[Date "2013.11.14"]
[Round "3.41"]
[White "Herbrechtsmeier, Christof"]
[Black "Meizlin, Yaacov"]
[Result "1/2-1/2"]
[WhiteElo "2302"]
[BlackElo "2102"]
[PlyCount "100"]
[EventDate "2013.11.12"]

1. d4 d5 2. Nc3 Nf6 3. Bg5 h6 4. Bh4 Bf5 5. e3 c6 6. Bd3 Bxd3 7. Qxd3 Nbd7 8.
Nf3 e6 9. O-O Be7 10. h3 O-O 11. Kh1 c5 12. g4 Nh7 13. Bxe7 Qxe7 14. e4 cxd4
15. Nxd4 Nc5 16. Qe3 Nxe4 17. Nxe4 dxe4 18. Qxe4 Qh4 19. Kh2 Qxh3+ 20. Kxh3
Ng5+ 21. Kg2 Nxe4 22. Rfe1 Nf6 23. Kg3 Rfd8 24. c3 Rd5 25. f4 g6 26. Re2 b5 27.
a3 a5 28. Kf3 Rc8 29. Re5 Rxe5 30. fxe5 Nd7 31. Nxb5 Nxe5+ 32. Kg3 a4 33. Re1
Nd3 34. Re2 Rc5 35. Nd6 Rd5 36. Nc4 Nc5 37. Kg2 Kg7 38. Nb6 Rg5 39. Kh3 Nd3 40.
Rd2 Nf4+ 41. Kg3 Nd5 42. Nxa4 h5 43. Rd4 f5 44. c4 Nf6 45. c5 Ne4+ 46. Kh2 Rxg4
47. c6 Rh4+ 48. Kg2 Rg4+ 49. Kh2 Rh4+ 50. Kg2 Rg4+ 1/2-1/2

[Event "Wch Seniors 23rd 2013"]
[Site "Opatija"]
[Date "2013.11.14"]
[Round "3.42"]
[White "Baeta, Marcio Netto"]
[Black "Vikulov, Alexander"]
[Result "0-1"]
[WhiteElo "2068"]
[BlackElo "2290"]
[PlyCount "86"]
[EventDate "2013.11.12"]

1. e4 d6 2. f4 g6 3. d4 Bg7 4. c3 Nf6 5. Bd3 O-O 6. Nf3 b6 7. e5 Nd5 8. c4 Nb4
9. Be4 d5 10. cxd5 Nxd5 11. Qb3 e6 12. Nc3 Bb7 13. O-O Na6 14. f5 gxf5 15. Bxd5
exd5 16. Ne2 c5 17. Qd3 Bc8 18. g4 cxd4 19. gxf5 Nc5 20. Qxd4 Bxf5 21. Nh4 Ne6
22. Qf2 Be4 23. Qg3 Kh8 24. Nf5 Rg8 25. Nd6 Bg6 26. Rxf7 Bf8 27. Rxh7+ Kxh7 28.
Qh3+ Bh5+ 29. Kf2 Rg5 30. Qxe6 Bxd6 31. Bxg5 Bc5+ 32. Be3 Qh4+ 33. Kg2 Bxe3 34.
Ng3 Rf8 35. Rf1 Rxf1 36. Kxf1 Qf4+ 37. Kg2 Bf3+ 38. Kh3 Qh6+ 39. Qxh6+ Bxh6 40.
e6 d4 41. e7 Bc6 42. Ne4 d3 43. Kg4 d2 0-1

[Event "Wch Seniors 23rd 2013"]
[Site "Opatija"]
[Date "2013.11.14"]
[Round "3.43"]
[White "Hess, Christian"]
[Black "Finnlaugsson, Gunnar"]
[Result "1/2-1/2"]
[WhiteElo "2285"]
[BlackElo "2082"]
[PlyCount "42"]
[EventDate "2013.11.12"]

1. Nf3 Nf6 2. c4 e6 3. g3 b6 4. Bg2 Bb7 5. O-O Be7 6. Nc3 O-O 7. b3 d5 8. e3 c5
9. Bb2 Nc6 10. cxd5 exd5 11. d4 Re8 12. Rc1 Rc8 13. Ne5 cxd4 14. exd4 Nxe5 15.
dxe5 Ne4 16. Nxe4 Rxc1 17. Qxc1 dxe4 18. Rd1 Qb8 19. Qf4 Rd8 20. Rxd8+ Qxd8 21.
h4 Qd5 1/2-1/2

[Event "Wch Seniors 23rd 2013"]
[Site "Opatija"]
[Date "2013.11.14"]
[Round "3.44"]
[White "Bondar, Leonid"]
[Black "Kolbak, Jens"]
[Result "1/2-1/2"]
[WhiteElo "2049"]
[BlackElo "2271"]
[PlyCount "39"]
[EventDate "2013.11.12"]

1. e4 e5 2. Nf3 Nc6 3. Bc4 Be7 4. O-O Nf6 5. Nc3 O-O 6. d4 d6 7. h3 a6 8. a4 h6
9. Be3 Re8 10. d5 Nb8 11. b4 Nbd7 12. Bd3 Nf8 13. Ne2 Ng6 14. c4 Nh5 15. Qd2
Nh4 16. Nxh4 Bxh4 17. Kh2 Bg5 18. g4 Nf6 19. Rg1 Nh7 20. f4 1/2-1/2

[Event "Wch Seniors 23rd 2013"]
[Site "Opatija"]
[Date "2013.11.14"]
[Round "3.45"]
[White "Turikov, Viktor"]
[Black "Stull, Norbert"]
[Result "1-0"]
[WhiteElo "2256"]
[BlackElo "2075"]
[PlyCount "91"]
[EventDate "2013.11.12"]

1. d4 Nf6 2. c4 g6 3. Nc3 Bg7 4. e4 d6 5. h3 O-O 6. Be3 e5 7. dxe5 dxe5 8. Bc5
Qxd1+ 9. Rxd1 Re8 10. Nf3 Na6 11. Ba3 b6 12. Bd3 Bf8 13. Bxf8 Kxf8 14. Nd5 Kg7
15. Ke2 Bb7 16. a3 Rad8 17. b4 c6 18. Nc3 c5 19. Rb1 Nh5 20. g3 f5 21. Rhd1 Nf6
22. Nd2 Rd4 23. f3 Red8 24. Bc2 Nh5 25. Nf1 cxb4 26. axb4 Rxd1 27. Nxd1 fxe4
28. Bxe4 Bxe4 29. fxe4 Rd4 30. Ra1 Nxb4 31. Rxa7+ Kg8 32. Nde3 Rxe4 33. Rb7 Rd4
34. Rxb6 Nd3 35. Rb1 Nc5 36. Rb5 Nd3 37. c5 Nc1+ 38. Kf3 e4+ 39. Kg2 Rd3 40.
Rb8+ Kg7 41. Rb7+ Kf8 42. c6 Rc3 43. c7 Ke8 44. Nd5 Rc2+ 45. Kh1 Nd3 46. Rb8+
1-0

[Event "Wch Seniors 23rd 2013"]
[Site "Opatija"]
[Date "2013.11.14"]
[Round "3.46"]
[White "Kierzek, Matthias"]
[Black "Benson, Lachlan"]
[Result "1-0"]
[WhiteElo "2250"]
[BlackElo "2039"]
[PlyCount "101"]
[EventDate "2013.11.12"]

1. d4 Nf6 2. c4 g6 3. Nc3 d5 4. Nf3 Bg7 5. Qb3 c6 6. cxd5 Nxd5 7. e4 Nxc3 8.
bxc3 O-O 9. Be2 Nd7 10. O-O c5 11. Bb2 b6 12. d5 Qc7 13. c4 Ne5 14. g3 Nxf3+
15. Bxf3 Rb8 16. Bg2 a6 17. Bxg7 Kxg7 18. Qc3+ Kg8 19. Rac1 Bd7 20. Rfd1 Ba4
21. Rd2 Rfd8 22. e5 Rbc8 23. Bh3 Bd7 24. d6 exd6 25. exd6 Qb8 26. Bg2 Be6 27.
Rcd1 Rd7 28. Qf6 Rcd8 29. Qf4 b5 30. Bc6 Ra7 31. Bd5 Bxd5 32. Rxd5 Qb6 33. h4
h5 34. g4 hxg4 35. h5 Kg7 36. hxg6 fxg6 37. Qe5+ Kg8 38. Qe6+ Kh7 39. Kg2 Rf8
40. Rh1+ Kg7 41. Qe5+ Rf6 42. d7 Qd8 43. Qh2 Rxf2+ 44. Kxf2 Qf6+ 45. Ke1 Qc3+
46. Rd2 Qc1+ 47. Ke2 Qxc4+ 48. Kd1 Qa4+ 49. Kc1 Qa3+ 50. Kb1 Qb4+ 51. Ka1 1-0

[Event "Wch Seniors 23rd 2013"]
[Site "Opatija"]
[Date "2013.11.14"]
[Round "3.48"]
[White "Lederman, Leon"]
[Black "Catania, Duane"]
[Result "1-0"]
[WhiteElo "2245"]
[BlackElo "2029"]
[PlyCount "55"]
[EventDate "2013.11.12"]

1. e4 e6 2. d4 d5 3. Nc3 Nf6 4. Bg5 Bb4 5. e5 h6 6. Be3 Ne4 7. Qg4 g6 8. Nge2
Bd7 9. f3 h5 10. Qh3 Ng5 11. Qg3 Be7 12. f4 Ne4 13. Nxe4 dxe4 14. Bf2 c5 15.
Qe3 Qa5+ 16. c3 cxd4 17. Nxd4 Qd5 18. Nb3 b6 19. Be2 O-O 20. O-O Qb7 21. Rfd1
a5 22. Qxb6 Bc6 23. Nxa5 Rxa5 24. Qxa5 e3 25. Bxe3 Bxg2 26. Bf1 Bh1 27. Qa7 Qf3
28. Qxe7 1-0

[Event "Wch Seniors 23rd 2013"]
[Site "Opatija"]
[Date "2013.11.14"]
[Round "3.50"]
[White "Krstic, Slobodan"]
[Black "Harestad, Thor Geir"]
[Result "0-1"]
[WhiteElo "2027"]
[BlackElo "2238"]
[PlyCount "99"]
[EventDate "2013.11.12"]

1. e4 c5 2. f4 e6 3. g3 d5 4. e5 Ne7 5. d3 Nf5 6. c3 Nc6 7. Na3 Be7 8. Nc2 b5
9. Bg2 Qb6 10. Nf3 Ba6 11. d4 b4 12. Bf1 bxc3 13. bxc3 cxd4 14. cxd4 Rc8 15.
Bxa6 Qxa6 16. Kf2 O-O 17. h4 h5 18. Ne3 Nxe3 19. Bxe3 Nb4 20. Ne1 g6 21. a3 Nc6
22. g4 hxg4 23. Qxg4 Kg7 24. h5 Rh8 25. Rg1 Qb7 26. Rd1 Nd8 27. f5 exf5 28.
Qxf5 Rc6 29. Nd3 Ne6 30. h6+ Kf8 31. Rxg6 Ke8 32. Rgg1 Rc2+ 33. Kf3 Qc8 34. Qg4
Qc4 35. h7 Kd7 36. Rh1 Rc3 37. Nf4 Qb3 38. Rde1 Bg5 39. Ng2 Qc2 40. Re2 Qg6 41.
Kf2 Bxe3+ 42. Nxe3 Rxe3 43. Qxg6 Rxe2+ 44. Kxe2 fxg6 45. Ke3 g5 46. Rh6 Ke7 47.
a4 g4 48. a5 g3 49. Kf3 Nxd4+ 50. Kxg3 0-1

[Event "Wch Seniors 23rd 2013"]
[Site "Opatija"]
[Date "2013.11.14"]
[Round "3.52"]
[White "Moen, Ole Christian"]
[Black "Nilsson, Weine"]
[Result "1-0"]
[WhiteElo "2232"]
[BlackElo "2003"]
[PlyCount "129"]
[EventDate "2013.11.12"]

1. e4 c5 2. Nc3 g6 3. f4 Bg7 4. Nf3 Nc6 5. g3 d6 6. Bg2 e6 7. O-O Nge7 8. Ne2
O-O 9. c3 f5 10. d3 Bd7 11. Be3 b6 12. a4 Rb8 13. Qb3 Qc8 14. Bf2 Qa6 15. exf5
Nxf5 16. Rfe1 Kh8 17. Ng5 Rbe8 18. Bf1 Qc8 19. Rad1 e5 20. h3 Nfe7 21. d4 Na5
22. Qa2 h6 23. Ne4 Qc6 24. Nc1 exf4 25. Bb5 Qc7 26. dxc5 d5 27. Nd6 fxg3 28.
Bxg3 Qxc5+ 29. Kg2 Bxb5 30. axb5 Nc4 31. Nd3 Qxd6 32. Bxd6 Nxd6 33. Qxa7 Nef5
34. Rxe8 Rxe8 35. Re1 Ne4 36. Qd7 Nh4+ 37. Kh1 Rf8 38. Qxd5 Ng3+ 39. Kh2 Nf1+
40. Kg1 Ng3 41. Ne5 Kh7 42. Nf7 Ngf5 43. Re4 g5 44. Rc4 Re8 45. Re4 Rf8 46. Kf2
Nd6 47. Qxd6 Rxf7+ 48. Ke2 Nf5 49. Qd3 Bf8 50. Re5 Kg6 51. b4 Rf6 52. Qe4 h5
53. Re6 Bd6 54. Rxf6+ Kxf6 55. Kd3 Ne7 56. Qd4+ Ke6 57. Qxb6 g4 58. Qe3+ Kd7
59. Qa7+ Kd8 60. Qa8+ Kc7 61. h4 g3 62. Qe4 Kb6 63. Kc4 g2 64. Qxg2 Nf5 65.
Qf2+ 1-0

[Event "Wch Seniors 23rd 2013"]
[Site "Opatija"]
[Date "2013.11.14"]
[Round "3.53"]
[White "Mckerracher, Douglas"]
[Black "Postler, Reinhard"]
[Result "0-1"]
[WhiteElo "2006"]
[BlackElo "2232"]
[PlyCount "84"]
[EventDate "2013.11.12"]

1. e4 c5 2. Nc3 d6 3. g3 Nc6 4. Bg2 a6 5. d3 Nf6 6. f4 e6 7. Nf3 Qc7 8. O-O Be7
9. a4 Rb8 10. Nh4 b5 11. axb5 axb5 12. Bd2 b4 13. Ne2 O-O 14. f5 e5 15. Bg5 Nd4
16. Bxf6 Bxf6 17. Nf3 Nxf3+ 18. Bxf3 Bb7 19. g4 Ra8 20. Rb1 c4 21. Ng3 Qc5+ 22.
Kg2 Bh4 23. Qd2 h6 24. Nh5 Ra2 25. dxc4 Qxc4 26. Kh3 Bg5 27. Qxd6 Re8 28. Qd7
Qc8 29. Rfd1 Bc6 30. Qd3 Ra7 31. Qc4 Qa8 32. Ng3 Be7 33. Nh5 Bf8 34. Qe2 Rd8
35. Qe3 Rad7 36. Rxd7 Rxd7 37. g5 Rd6 38. Rg1 Kh8 39. f6 g6 40. gxh6 Kh7 41.
Ng7 Rxf6 42. Re1 Rf4 0-1

[Event "Wch Seniors 23rd 2013"]
[Site "Opatija"]
[Date "2013.11.14"]
[Round "3.54"]
[White "Hocevar, Nikola"]
[Black "Yakimenko, Alexander A"]
[Result "0-1"]
[WhiteElo "1996"]
[BlackElo "2212"]
[PlyCount "96"]
[EventDate "2013.11.12"]

1. d4 e6 2. e3 Nf6 3. Bd3 b6 4. f4 Bb7 5. Nf3 Be7 6. O-O O-O 7. Nbd2 c5 8. c3
d6 9. Qe2 Qc8 10. e4 cxd4 11. cxd4 Ba6 12. Nb3 Bxd3 13. Qxd3 Qa6 14. Qxa6 Nxa6
15. e5 Ne4 16. a3 Rfc8 17. Re1 d5 18. Nfd2 Nxd2 19. Bxd2 Rc4 20. Rac1 f6 21.
Kf1 fxe5 22. fxe5 Nb8 23. Be3 Nd7 24. Nd2 Rf8+ 25. Ke2 Rcc8 26. Nf3 b5 27. Rxc8
Rxc8 28. Rc1 Rc4 29. b3 Rxc1 30. Bxc1 Nb6 31. Ng5 Bxg5 32. Bxg5 Nd7 33. Kd3 Nb8
34. Be7 Nc6 35. Bc5 Kf7 36. b4 Kg6 37. Ke3 Kf5 38. Kf3 h5 39. h3 h4 40. Ke3 g5
41. Kf3 a5 42. Ke3 a4 43. Kf3 Nd8 44. g4+ hxg3 45. Kxg3 Nf7 46. h4 gxh4+ 47.
Kxh4 Ng5 48. Kh5 Nf3 0-1

[Event "Wch Seniors 23rd 2013"]
[Site "Opatija"]
[Date "2013.11.14"]
[Round "3.56"]
[White "Cao, Jorge"]
[Black "Nukin, Tolegen"]
[Result "0-1"]
[WhiteElo "1990"]
[BlackElo "2208"]
[PlyCount "102"]
[EventDate "2013.11.12"]

1. d4 Nf6 2. c4 e6 3. Nc3 d5 4. Bg5 Bb4 5. e3 h6 6. Bxf6 Qxf6 7. Nf3 O-O 8. Bd3
dxc4 9. Bxc4 c5 10. O-O cxd4 11. exd4 Nc6 12. a3 Bxc3 13. bxc3 Rd8 14. Qe2 Bd7
15. Rab1 Rac8 16. Bd3 b6 17. Rfe1 Na5 18. Rbc1 Bc6 19. Ne5 Ba8 20. Be4 Bxe4 21.
Qxe4 Qe7 22. Qf3 Rc7 23. Qg3 Nc4 24. Nd3 Nxa3 25. h4 Nc4 26. Nf4 Qd6 27. Qg4 e5
28. Nh5 Qg6 29. Qf3 f5 30. Ng3 Kh8 31. Nxf5 h5 32. g3 b5 33. d5 Rcd7 34. Red1
Qg4 35. Qxg4 hxg4 36. Ra1 a5 37. d6 a4 38. Rd5 g6 39. Ne3 Nxe3 40. fxe3 Rxd6
41. Rxb5 Rd1+ 42. Rxd1 Rxd1+ 43. Kf2 Rd2+ 44. Kf1 Rd3 45. Ra5 Rxe3 46. Rxa4
Rxg3 47. c4 Kg7 48. c5 Rc3 49. Ra7+ Kh6 50. Ra5 g5 51. c6 Rxc6 0-1

[Event "Wch Seniors 23rd 2013"]
[Site "Opatija"]
[Date "2013.11.14"]
[Round "3.57"]
[White "Ladisic, Alex-Sacha"]
[Black "Malmdin, Nils-Ake"]
[Result "1-0"]
[WhiteElo "1948"]
[BlackElo "2191"]
[PlyCount "89"]
[EventDate "2013.11.12"]

1. e4 c5 2. Nf3 Nc6 3. d4 cxd4 4. Nxd4 g6 5. Nc3 Bg7 6. Nb3 Nf6 7. Be2 O-O 8.
O-O d6 9. f4 a5 10. a4 Nb4 11. Bf3 Be6 12. Be3 Qc8 13. h3 Nd7 14. Nd4 Bc4 15.
Rf2 Nc6 16. Rd2 Nxd4 17. Bxd4 Bh6 18. Be3 Nf6 19. Kh2 Nd7 20. g4 Nc5 21. Bg2
Ra6 22. Nd5 Bxd5 23. Rxd5 Ne6 24. g5 Bg7 25. Rb5 Rc6 26. c3 Nc7 27. Rb3 e5 28.
f5 gxf5 29. exf5 Qxf5 30. Rxb7 e4 31. Qe2 Be5+ 32. Kh1 d5 33. Rf1 Qc8 34. Ra7
f5 35. gxf6 Rcxf6 36. Rxf6 Rxf6 37. Rxa5 Rf3 38. Rc5 Qf5 39. Bd4 Bf4 40. Rc6
Ne6 41. Bxf3 Qxh3+ 42. Kg1 Nxd4 43. cxd4 Qd7 44. Qg2+ Kf8 45. Rf6+ 1-0

[Event "Wch Seniors 23rd 2013"]
[Site "Opatija"]
[Date "2013.11.14"]
[Round "3.59"]
[White "Titz, Heimo"]
[Black "Acosta, Mariano"]
[Result "1/2-1/2"]
[WhiteElo "2174"]
[BlackElo "1978"]
[PlyCount "125"]
[EventDate "2013.11.12"]

1. c4 e5 2. Nc3 d6 3. Nf3 c6 4. d4 Nd7 5. e4 Ngf6 6. Be2 g6 7. O-O Bg7 8. Re1
O-O 9. Bf1 Qe7 10. Rb1 Rd8 11. b4 Nf8 12. d5 cxd5 13. Nxd5 Nxd5 14. exd5 f5 15.
Nd4 Qf7 16. Nb3 b6 17. a4 Bb7 18. a5 Rac8 19. axb6 axb6 20. Ra1 Ra8 21. Be3 Nd7
22. Qc2 Rdc8 23. Qb2 e4 24. Bd4 Ne5 25. Rxa8 Bxa8 26. Rc1 f4 27. Qd2 b5 28.
cxb5 Rxc1 29. Qxc1 Bxd5 30. Qc8+ Qf8 31. Qxf8+ Kxf8 32. Na5 Nf3+ 33. gxf3 Bxd4
34. fxe4 Bxe4 35. Nc4 Ke7 36. Nd2 Bd5 37. Bg2 Ba2 38. Bc6 Kd8 39. Kg2 Kc7 40.
Ne4 Be5 41. h4 Kb6 42. Kf3 Be6 43. Ng5 Bg8 44. Ke4 Bc3 45. Bd5 Bxd5+ 46. Kxd5
Bxb4 47. Nxh7 Be1 48. f3 Bxh4 49. Kxd6 g5 50. Nf6 Kxb5 51. Ke5 Kc4 52. Kf5 Kd3
53. Kg4 Ke2 54. Nd5 Bg3 55. Nc3+ Kf2 56. Ne4+ Ke3 57. Nxg5 Kd4 58. Nf7 Kd3 59.
Nd6 Kd4 60. Nf5+ Ke5 61. Ng7 Kf6 62. Nh5+ Ke5 63. Nxg3 1/2-1/2

[Event "Wch Seniors 23rd 2013"]
[Site "Opatija"]
[Date "2013.11.14"]
[Round "3.60"]
[White "Korenevski, Oleg"]
[Black "Norman, Kenneth I"]
[Result "1/2-1/2"]
[WhiteElo "1880"]
[BlackElo "2173"]
[PlyCount "75"]
[EventDate "2013.11.12"]

1. e4 e5 2. Nf3 Nc6 3. Nc3 g6 4. d4 exd4 5. Nxd4 Bg7 6. Be3 d6 7. Bc4 Nf6 8. f3
O-O 9. Qd2 Ne5 10. Bb3 c5 11. Ndb5 c4 12. Ba4 d5 13. Bc5 a6 14. Nd4 b5 15. Bxf8
Kxf8 16. Ndxb5 axb5 17. Bxb5 Bb7 18. O-O-O Qb6 19. exd5 Ba6 20. Bxa6 Qxa6 21.
d6 Ned7 22. Rhe1 Rb8 23. Re7 Kg8 24. Rde1 h5 25. g4 hxg4 26. fxg4 Nxg4 27. Re8+
Rxe8 28. Rxe8+ Kh7 29. Kd1 Qb6 30. Qf4 Nge5 31. Ne4 Qg1+ 32. Ke2 Qg2+ 33. Nf2
Bh6 34. Qh4 Qf3+ 35. Kf1 Qe3 36. Qd8 Bg7 37. Qh4+ Bh6 38. Qd8 1/2-1/2

[Event "Wch Seniors 23rd 2013"]
[Site "Opatija"]
[Date "2013.11.14"]
[Round "3.61"]
[White "Samartsev, Alexander"]
[Black "Lim, Kian Hwa"]
[Result "1-0"]
[WhiteElo "2160"]
[BlackElo "1883"]
[PlyCount "97"]
[EventDate "2013.11.12"]

1. d4 d5 2. c4 e6 3. Nc3 Nf6 4. Bf4 c6 5. e3 Nbd7 6. Nf3 Be7 7. h3 O-O 8. Bd3
dxc4 9. Bxc4 b5 10. Bd3 a6 11. O-O Bb7 12. Rc1 Rc8 13. Ne5 c5 14. Nxd7 Qxd7 15.
dxc5 Rxc5 16. Be2 Qxd1 17. Rcxd1 Nd5 18. Be5 Nxc3 19. Bxc3 Rd5 20. a3 Rfd8 21.
Rxd5 Bxd5 22. Rd1 Bb3 23. Rxd8+ Bxd8 24. f4 f5 25. Kf2 Kf7 26. Bf3 Bf6 27. Bb7
Bxc3 28. bxc3 a5 29. e4 fxe4 30. Bxe4 h6 31. Ke3 Ke7 32. Bd3 Bd5 33. g4 g5 34.
Bxb5 Kd6 35. Bf1 Kc5 36. Be2 Bg2 37. Kf2 Bd5 38. Kg3 a4 39. h4 gxh4+ 40. Kxh4
Kd6 41. Kh5 e5 42. f5 e4 43. c4 Bc6 44. Kxh6 Ke5 45. Kg6 Kf4 46. g5 Bd7 47. f6
Ke3 48. Bh5 Kf4 49. f7 1-0